Získavanie peňažného kapitálu podniku z cudzích zdrojov diplomová práca

Guardado en:
Detalles Bibliográficos
Autor principal: Valentová, Veronika
Autor Corporativo: Fakulta podnikového manažmentu EU. Katedra podnikových financií
Otros Autores: Hrvoľová, Božena
Formato: Libro
Lenguaje:eslovaco
Publicado: Bratislava 2012
Etiquetas: Agregar Etiqueta
Sin Etiquetas, Sea el primero en etiquetar este registro!

MARC

LEADER 00000nbm a2200000 4500
001 0154176
005 20161109102133.7
041 0 |a slo 
044 |a SK 
245 1 0 |a Získavanie peňažného kapitálu podniku z cudzích zdrojov  |b diplomová práca  |c Veronika Valentová ; školiteľ: Božena Hrvoľová 
264 1 |a Bratislava  |c 2012 
300 |a 72 s. 
100 1 |a Valentová, Veronika 
700 1 |a Hrvoľová, Božena 
710 2 |a Fakulta podnikového manažmentu EU. Katedra podnikových financií